LEADER 01226nam a2200277 4500 001 000000355582 003 CaOOAMICUS 005 20231003154006.0 008 231003s2023 it 000 u ita r 020 $a978-88-290-1650-1 040 $aSeMil$bita 100 1 $aMontesano, Marina,$d<1967- >.$0(OLS)http://semarc/name/36345 240 10$aClassical culture and witchcraft in Medieval and Renaissance Italy.$0(OLS)http://semarc/title/445806 245 10$aMaleficia :$bstorie di streghe dall'Antichità al Rinascimento /$cMarina Montesano. 264 1$aRoma :$bCarocci,$c2023. 300 $a281 p. ;$c22 cm 490 1 $aFrecce ;$v358 650 4$aStreghe.$0(OLS)http://semarc/subject/4233 650 4$aStregoneria - Italia - Storia.$0(OLS)http://semarc/subject/54552 830 0$aFrecce ;$v358.$0(OLS)http://semarc/title/6388 850 $aSeMil 852 $aSeMil$W1$xVenegono$y1$m2R II 486$j243635$B246837$CSeMilBibl$Z2$F246837 $81 996 $6020$a978-88-290-1650-1$9(OLS)http://semarc/number/299037 996 $6245$aMaleficia :$bstorie di streghe dall'Antichità al Rinascimento$9(OLS)http://semarc/title/445807 996 $6264$aRoma :$bCarocci$9(OLS)http://semarc/publisher/31977 LEADER 00582naa a2200145 i 4500 001 000000299176 003 CaOOAMICUS 005 20180831172638.0 008 180831n xx u000 u und u 013 $a6814 040 $aSeMil$bita 100 1 $aSeveso, Bruno,$d<1942- >.$0(OLS)http://semarc/name/647 245 13$aIl dibattito pastorale :$bmomenti salienti. 773 0 $aAngelini, Giuseppe $tBattesimo dei bambini.$dMilano : Glossa, copyr. 1999.$kDisputatio $z88-7105-105-X$w()51478 996 $6245$aIl dibattito pastorale :$bmomenti salienti$9(OLS)http://semarc/title/375198